000 00608nam a2200217Ia 4500
005 20250508165102.0
008 008 250505s9999 xx 000 0 eng d
020 _a019-564-781-5
037 _aTextual
040 _aFEDL
_beng
_cFEDL
041 _aeng
_2eng
084 _a954, GUH
_qFEDL
100 _aGuha Ramachandra
245 0 _aSavaging the civilized: Verrier Elwin, his tribals, and India
260 _aNew Delhi, India
_bOxford University Press
_c1999
300 _ax,398p.
365 _aINR
_b595
546 _aMACESE
942 _cTEXL
_h954, GUH
999 _c1393074
_d1393074